000 00263pam a2200121 a 4500
020 _c
041 _aeng
100 _aMoroney.M.L.
245 _aFacts From Figures
_hTextual Documents
260 _aNew York
_bPenguin Books Ltd
300 _a272p.
930 _a15259
999 _c92159
_d92159